00901nam a22001937a 4500003000500000038001700005082001600022100003300038245012900071260003200200300002200232500007300254856005600327942001200383999001700395952010300412952009000515952010200605NUST aZafar Iqbal. aMSIT-12 SHE aMuhammad Sheraz Anjum927213 aAutomatic formulation of SQL group by and HAVING statements using the ontology driven relational query formulation framework aIslamabadbNUST-SEECSc2015 a113p.eCD Include aSupervisors: Dr. Kamran Munir, Dr. Sharifullah Khan, Dr. Noman Javed uhttp://10.250.8.41:8080/xmlui/handle/123456789/9975 cPR2ddc c13353d13353 001040708NFICaCLbCLcGENd2015-08-25l0oMSIT-12 SHEpSEECSP01749r2015-08-23w2015-08-23yPR 00102ddc4070aCLbCLcTHEd2019-10-07o005pCL-T-3413r2019-10-07w2019-10-07yTHE 00102ddc4070aCLbCLcTHEd2019-12-26o004 MSIT-12 SHEpCL-T-4420r2019-12-26w2019-12-26yTHE